000 00888nam a2200265Ia 4500
003 GCL
008 140319s9999 xx 000 0 ara d
040 _aGCL /
_cGCL
082 0 4 _a621.184
_bا ا
100 1 _aابراهيم محمد عثمان القرضاوى
245 1 0 _aاجهزة بخار الماء الغلايات واجهزة التعقيم /
_cابراهيم محمد عثمان القرضاوى
260 _a[S.N] :
_bمنشاة المعارف ،
_c1993
300 _a310 ص
490 _a
650 0 4 _aالديناميكا الحرارية
650 0 4 _aالهندسة الميكانيكية
650 0 4 _aالبخار
650 0 4 _aالمراجل
650 0 4 _aالهندسة البخارية
650 0 4 _aاوعية الضغط
650 0 4 _aالالات البخارية
650 0 4 _aالتعقيم
650 0 4 _aتحكم آلى
942 _2ddc
_cBK
999 _c33454
_d33454